000 00490nam a2200157 i 4500
001 141946
003 ES-MaACL
005 20230906200415.0
007 t|
008 071001s1967 sp ||||1| spa d
100 1 _aWais San Martín, Francisco.
_9115873
245 1 0 _aHistoria general de los ferrocarriles españoles
_b: (1830-1941) /
_cFrancisco Wais San Martín.
260 _aMadrid :
_bEditora Nacional,
_c1967.
300 _a383 p. ;
_c25 cm.
852 _aES-MaACL
_jC-33434
_bR.64466
999 _c141946
_d141946